| 000 | 00698nam a2200229 4500 | ||
|---|---|---|---|
| 003 | LK-CoMWRAF | ||
| 005 | 20230910220609.0 | ||
| 008 | 230910b1999 |||||||| |||| 00| 0 eng d | ||
| 020 | _a9556250050 | ||
| 040 |
_aLK-CoMWRAF _dLK-CoMWRAF _eLK-CoMWRAF |
||
| 041 | _aeng | ||
| 082 |
_a340.59 _bKOD |
||
| 100 | _aKodikara, Chilani | ||
| 245 |
_aMuslim family law in Sri Lanka : _bTheory, practice and issues of concern to women |
||
| 260 |
_aColombo : _bMuslim Women's research and action forum, _c1999 |
||
| 300 | _a207p ; 24cm | ||
| 650 | _aMuslim Law-Sri Lanka | ||
| 700 |
_aZackriya, Faizun _eed. |
||
| 700 |
_aWijayatilake, Kamalini _eed. |
||
| 700 |
_aSamanthi, Janaki _eills. |
||
| 942 | _cBK | ||
| 999 |
_c3538 _d3538 |
||